00909nam a22001577a 4500003000900000005001700009008004100026040001300067100001300080245010700093250000600200260002200206300002000228490002400248520047900272IT-RoPau20220918175939.0130125b xxu||||| |||| 00| 0 eng d cIT-RoPau aLucarini aA women for our timebthe Servant of God Mother Thecla Merlo Co-Foundress of the Daughters of St. Paul aI aBostonbFSPc1974 a255 p.c21,5 cm aSt. Paul EditionvI aContents Foreword The Frail Seamstress of Castagnito d'Alba A New Mission for the New Century The Crucible of the Early Days The First Group Around Mother Thecla Rome Calls The Plunge into the Continents The First Overseas Journeys The War Years Approval of the "Sisters of the Press" From Continent to Continent Sowing and Reaping Much Action, Much Prayer At the Finish Line After the long Race Many Institutes-Only One Mother The Interior "Cell" of Thecla Merlo Appendix